1351 1284 1921 1726 1725 1227 1937 1747 1802 1236 1913 1281 1911 1469 1101 1643 1510 1503 1284 1371 1284 1077 1919 1768 1173 1756 1172 1601 1435 1828 1298 1990 1397 1239 1722 1690 1208 1225 1592 1847 1998 1850 1639 1252 1520 1612 1550 1627 1093 1628 1476 1820 1084 1812 1038 1441 1260 1206 1741 1974 1538 1079 1187 1034 1573 1095 1980 1734 1962 1741 1203 1036 1472 1363 1701 1475 1923 1326 1261 1390 1023 1883 1401 1067 1160 1363 1990 1827 1642 1676 1526 1580 1705 1557 1267 1800 1432 1293 1297 BCNSPRNW ULIB Ver.6.0+V

เปลี่ยนเป็นภาษาไทย

Change to English
 แสดงรายละเอียดบรรณานุกรม
  กลับหน้าหลัก

Brief Record : Get Marc (ISO 2709) : E-mail record : QR code < ปิดหน้าต่าง
LEADER : 00000nam 2200000uu 4500
001    13399128599
003     ULIB
008    230912s2565||||th 000 0 tha d
020    ^a9786165904148
060  4 ^aWT115^bพ316น
100 0  ^aพร้อมลักษณ์ สรรพ่อค้า
245 10 ^aนวัตกรรมและการตลาดผลิตภัณฑ์อาหารสำหรับผู้สูงอายุ =^bInnovation andmarketing of food products for the elderly /^cพร้อมลักษณ์สรรพ่อค้า และพรรณิดา แก้วปทุมทิพย์
246 31 ^aInnovation and marketing of food products for the elderly
250    ^aพิมพ์ครั้งที่ 1
260    ^aกรุงเทพฯ :^bพริ้นท์เอเบิ้ล,^c2565
300    ^ax, 118 หน้า :^bภาพประกอบสี ;^c24 ซม.
650  4 ^aผู้สูงอายุ^xโภชนาการ
650  4 ^aอาหาร^xการพัฒนาผลิตภัณฑ์
650  4 ^aอาหาร^xแง่โภชนาการ
700 0  ^aพรรณิดา แก้วปทุมทิพย์
945    ^p365^l0^i29823
945    ^p365^l0^i29824
995    ^aวรรณนิภา เกื้อศักดิ์ ; นิสากร
999    ^aกัณชพร จุลอักษร
รายการนี้ยังไม่มีแท็ก
คุณยังไม่ได้ล็อกอิน คุณสามารถมีกิจกรรมร่วมกับเว็บไซต์ได้ แต่ต้องล็อกอินก่อน ::
  ล็อกอิน

รายการสื่อสารสนเทศ

ลำดับที่ ประเภท เลขเรียก/บาร์โค้ด สถานที่ สถานะ
1. หนังสือสำรอง
หนังสือสำรอง
WT115 พ316น ฉ.1 
  Barcode: 29823
ห้องสมุดวิทยาเขตนครสวรรค์
►หนังสือทั่วไป:l:General Books
บนชั้น
2. วิทยาศาสตร์การแพทย์ และสุขภาพ
วิทยาศาสตร์การแพทย์ และสุขภาพ
WT115 พ316น ฉ.2 
  Barcode: 29824
ห้องสมุดวิทยาเขตนครสวรรค์
►หนังสือทั่วไป:l:General Books
บนชั้น

รายการใกล้เคียง
    ผู้แต่ง [พร้อมลักษณ์ สรรพ่อค้า]

BibComment


ยังไม่เคยถูกคอมเมนท์

คอมเมนท์ทรัพยากรรายการนี้
  คอมเมนท์: นวัตกรรมและการตล..


 Copyright 2026. Bcnsprnw @Library